[Event "Belgrade-chT"]
[Site "Belgrade"]
[Date "2014.05.09"]
[Round "4"]
[White "Mrsa, Ferdinand"]
[Black "Mihajlovic, Milorad"]
[Result "1/2-1/2"]
[WhiteElo "2178"]
[BlackElo "1950"]
[PlyCount "98"]
[EventDate "2014.05.05"]
[EventType "swiss"]
[EventRounds "5"]
[EventCountry "SRB"]
[SourceTitle "CBM 160 Extra"]
[Source "ChessBase"]
[SourceDate "2014.07.01"]
[SourceVersion "1"]
[SourceVersionDate "2014.07.01"]
[SourceQuality "1"]

1. e4 e5 2. Nf3 Nc6 3. Bc4 Nf6 4. Ng5 d5 5. exd5 Na5 6. Bb5+ c6 7. dxc6 bxc6 8. Be2 h6 9. Nf3 e4 10. Ne5 Bd6 11. d4 Qc7 12. Ng4 Nxg4 13. Bxg4 0-0 14. Bxc8 Raxc8 15. Qh5 Bf4 16. 0-0 Bxc1 17. Rxc1 Qf4 18. Na3 Nb7 19. Qe2 Nd6 20. Re1 Rfe8 21. c3 Nf5 22. Nc4 Rc7 23. g3 Qg5 24. f4 Qd8 25. Ne3 Nxe3 26. Qxe3 f5 27. b4 Qd5 28. Re2 Qc4 29. Rae1 Ra8 30. g4 g6 31. Rg2 Rg7 32. Qh3 Rf8 33. Re3 Kh7 34. gxf5 gxf5 35. Rxg7+ Kxg7 36. Qh5 Qe6 37. Qe2 Rf7 38. Qh5 Kh7 39. Qe2 Qd6 40. Qf1 Qe6 41. Qe2 Qd6 42. Qf2 Qe6 43. Rg3 Qd6 44. Qf1 Qe6 45. Qg2 Qd6 46. Qf2 Qe6 47. Kf1 Qd5 48. Ke1 a5 49. a3 axb4 1/2-1/2

[Event "Belgrade tt Cup"]
[Site "Belgrade"]
[Date "2013.04.21"]
[Round "5"]
[White "Mrsa, Ferdinand"]
[Black "Lukic, Branislav"]
[Result "1/2-1/2"]
[WhiteElo "2175"]
[BlackElo "2186"]
[PlyCount "90"]
[EventDate "2013.04.17"]
[EventType "team-swiss"]
[EventRounds "5"]
[EventCountry "SRB"]
[SourceTitle "EXT 2015"]
[Source "ChessBase"]
[SourceDate "2014.11.20"]
[SourceVersion "1"]
[SourceVersionDate "2014.11.20"]
[SourceQuality "1"]

1. e4 c5 2. c3 g6 3. d4 cxd4 4. cxd4 d5 5. exd5 Nf6 6. Nc3 Bg7 7. Be2 Nxd5 8. Bf3 Nxc3 9. bxc3 0-0 10. Ne2 e5 11. Be3 Qe7 12. dxe5 Nc6 13. Bxc6 bxc6 14. 0-0 Bxe5 15. Qa4 Qc7 16. Bf4 Bxf4 17. Nxf4 Bf5 18. Rfe1 Rfe8 19. g3 Re5 20. Ng2 Rae8 21. Rxe5 Rxe5 22. Qf4 Qa5 23. Qb4 Qxb4 24. cxb4 Rb5 25. a3 c5 26. Ne3 Be6 27. bxc5 Rxc5 28. Kg2 Rc3 29. g4 g5 30. Kg3 h5 31. h3 Kg7 32. a4 h4+ 33. Kf3 a5 34. Ke4 Kf6 35. Rd1 Rb3 36. Rd4 Rb2 37. f4 gxf4 38. Kxf4 Rf2+ 39. Ke4 Rh2 40. Nd5+ Bxd5+ 41. Rxd5 Rxh3 42. Rxa5 Ra3 43. Kf4 h3 44. Rf5+ Kg6 45. Rg5+ Kf6 1/2-1/2

[Event "Belgrade-chT"]
[Site "Belgrade"]
[Date "2012.10.02"]
[Round "2.2"]
[White "Mrsa, Ferdinand"]
[Black "Markovic, Aleksandar"]
[Result "1/2-1/2"]
[WhiteElo "2174"]
[BlackElo "2084"]
[PlyCount "100"]
[EventDate "2012.10.01"]
[EventType "team-tourn"]
[EventRounds "11"]
[EventCountry "SRB"]
[SourceTitle "CBM 150 Extra"]
[Source "ChessBase"]
[SourceDate "2012.10.19"]
[SourceVersion "1"]
[SourceVersionDate "2012.10.19"]
[SourceQuality "1"]
[WhiteTeam "Belgrade Radnicki"]
[BlackTeam "Cyril i Metodije"]
[WhiteTeamCountry "SRB"]
[BlackTeamCountry "SRB"]

1. e4 c5 2. c3 d5 3. exd5 Qxd5 4. d4 Nc6 5. Nf3 Bf5 6. Be2 cxd4 7. cxd4 Bxb1 8. Rxb1 e6 9. 0-0 Nf6 10. a3 Be7 11. b4 Rd8 12. Be3 0-0 13. Qa4 Ne4 14. Qc2 Nd6 15. b5 Nb8 16. Ne5 Nf5 17. Rfd1 Bf6 18. Bf3 Qd6 19. Bxb7 Nxe3 20. fxe3 Bxe5 21. dxe5 Qxa3 22. Re1 Rd7 23. Be4 g6 24. Qf2 Qc3 25. Qf4 Rc7 26. Red1 Nd7 27. Rd4 Qc5 28. Bc6 Nxe5 29. Rbd1 Re7 30. Qf6 Nxc6 31. bxc6 Ree8 32. h4 e5 33. Rd8 Qxe3+ 34. Kh1 Rxd8 35. Rxd8 Qc1+ 36. Kh2 Rxd8 37. Qxd8+ Kg7 38. c7 Qf4+ 39. Kg1 Qc1+ 40. Kf2 Qf4+ 41. Ke2 Qc4+ 42. Kd2 Qb4+ 43. Kd3 Qb3+ 44. Ke4 Qc4+ 45. Kxe5 Qe2+ 46. Kd6 Qd3+ 47. Kc6 Qc4+ 48. Kb7 Qb5+ 49. Kxa7 Qa5+ 50. Kb7 Qb5+ 1/2-1/2

[Event "Belgrade-chT"]
[Site "Belgrade"]
[Date "2009.10.11"]
[Round "8"]
[White "Mrsa, Ferdinand"]
[Black "Carnic, Dejan"]
[Result "1/2-1/2"]
[WhiteElo "2228"]
[BlackElo "2109"]
[PlyCount "31"]
[EventDate "2009.10.04"]
[EventType "team-tourn"]
[EventRounds "9"]
[EventCountry "YUG"]
[SourceTitle "CBM 132 Extra"]
[Source "ChessBase"]
[SourceDate "2009.11.03"]
[SourceVersion "1"]
[SourceVersionDate "2009.11.03"]
[SourceQuality "1"]

1. Nc3 Nf6 2. e4 e5 3. Nf3 Nc6 4. Bb5 Bb4 5. d3 d6 6. h3 0-0 7. 0-0 Bd7 8. Bg5 Bxc3 9. bxc3 h6 10. Bxf6 Qxf6 11. Qd2 a6 12. Bxc6 Bxc6 13. c4 b6 14. Nh2 Bd7 15. Ng4 Bxg4 16. hxg4 1/2-1/2

[Event "Belgrade-chT"]
[Site "Belgrade"]
[Date "2009.10.09"]
[Round "6"]
[White "Mrsa, Ferdinand"]
[Black "Stamatovic, Aleksandar"]
[Result "1/2-1/2"]
[WhiteElo "2228"]
[BlackElo "2200"]
[PlyCount "29"]
[EventDate "2009.10.04"]
[EventType "team-tourn"]
[EventRounds "9"]
[EventCountry "YUG"]
[SourceTitle "CBM 132 Extra"]
[Source "ChessBase"]
[SourceDate "2009.11.03"]
[SourceVersion "1"]
[SourceVersionDate "2009.11.03"]
[SourceQuality "1"]

1. e4 c5 2. c3 Nf6 3. e5 Nd5 4. d4 cxd4 5. cxd4 d6 6. Nf3 Nc6 7. exd6 Qxd6 8. Be2 e6 9. 0-0 Be7 10. Nc3 Nxc3 11. bxc3 0-0 12. Be3 b6 13. Qd2 Bb7 14. Bg5 Rfd8 15. Bxe7 1/2-1/2

[Event "Belgrade-chT"]
[Site "Belgrade"]
[Date "2009.10.06"]
[Round "3"]
[White "Milicevic, Aleksa"]
[Black "Mrsa, Ferdinand"]
[Result "1/2-1/2"]
[WhiteElo "2216"]
[BlackElo "2228"]
[PlyCount "47"]
[EventDate "2009.10.04"]
[EventType "team-tourn"]
[EventRounds "9"]
[EventCountry "YUG"]
[SourceTitle "CBM 132 Extra"]
[Source "ChessBase"]
[SourceDate "2009.11.03"]
[SourceVersion "1"]
[SourceVersionDate "2009.11.03"]
[SourceQuality "1"]

1. d4 d6 2. c4 e5 3. dxe5 dxe5 4. Qxd8+ Kxd8 5. Nc3 c6 6. Nf3 f6 7. e3 Be6 8. Be2 Nd7 9. 0-0 Kc7 10. b3 Nh6 11. Bb2 Rd8 12. Rfd1 Be7 13. Kf1 Nf7 14. Rac1 Kb8 15. Rd2 Nc5 16. Rcd1 Rxd2 17. Rxd2 a5 18. h3 Nd6 19. Ba3 Nc8 20. Bb2 Re8 21. Ne1 Nd6 22. Rd1 b6 23. Nd3 Ndb7 24. Bf3 1/2-1/2

[Event "Belgrade Spring op"]
[Site "Belgrade"]
[Date "2008.04.01"]
[Round "8"]
[White "Mrsa, Ferdinand"]
[Black "Ravic, Nenad"]
[Result "0-1"]
[WhiteElo "2220"]
[BlackElo "2172"]
[PlyCount "100"]
[EventDate "2008.03.25"]
[EventType "swiss"]
[EventRounds "9"]
[EventCountry "YUG"]
[SourceTitle "CBM 123 Extra"]
[Source "ChessBase"]
[SourceDate "2008.05.06"]
[SourceVersion "1"]
[SourceVersionDate "2008.05.06"]
[SourceQuality "1"]

1. Nc3 d5 2. d4 Bf5 3. h3 e6 4. g4 Bg6 5. Bg2 Nc6 6. a3 a6 7. e3 h5 8. gxh5 Bxh5 9. Bf3 Bxf3 10. Qxf3 Nf6 11. Nge2 Qd7 12. Bd2 0-0-0 13. 0-0-0 Be7 14. Nb1 Kb8 15. Qg2 Ne4 16. Be1 Nd6 17. b3 Rhg8 18. Kb2 Na7 19. Bb4 b6 20. Bxd6 Bxd6 21. e4 dxe4 22. Qxe4 Nc6 23. Nbc3 Ne7 24. Qd3 Ka7 25. Ne4 Nf5 26. Nxd6 Qxd6 27. c3 Rh8 28. Ng3 Qf4 29. Rd2 Nd6 30. Qe3 Qxe3 31. fxe3 Rh4 32. Kc2 Rdh8 33. Rdh2 g5 34. Kd3 g4 35. Ne2 Rxh3 36. Rxh3 Rxh3 37. Rg1 Nf5 38. Rxg4 Rxe3+ 39. Kd2 Rf3 40. Rf4 Rxf4 41. Nxf4 Kb7 42. Nd3 f6 43. Nf4 Ng7 44. d5 e5 45. Nd3 Kc8 46. c4 Kd7 47. c5 e4 48. Nf2 f5 49. b4 bxc5 50. bxc5 c6 0-1

[Event "Belgrade Spring op"]
[Site "Belgrade"]
[Date "2008.03.30"]
[Round "6"]
[White "Cvetkovic, Vidoje"]
[Black "Mrsa, Ferdinand"]
[Result "0-1"]
[WhiteElo "2041"]
[BlackElo "2220"]
[PlyCount "82"]
[EventDate "2008.03.25"]
[EventType "swiss"]
[EventRounds "9"]
[EventCountry "YUG"]
[SourceTitle "CBM 123 Extra"]
[Source "ChessBase"]
[SourceDate "2008.05.06"]
[SourceVersion "1"]
[SourceVersionDate "2008.05.06"]
[SourceQuality "1"]

1. e4 e5 2. Nf3 Nf6 3. Nxe5 d6 4. Nf3 Nxe4 5. d3 Nf6 6. d4 d5 7. Be2 Bd6 8. Bg5 h6 9. Bh4 0-0 10. 0-0 Re8 11. Nc3 c6 12. Re1 Bf5 13. Bf1 Nbd7 14. Rxe8+ Qxe8 15. Bg3 Bxg3 16. hxg3 Qe7 17. Nh4 Bh7 18. Bd3 Ne4 19. Qe2 Re8 20. Nf3 Qf8 21. Re1 Re6 22. Qf1 Qb4 23. Nd1 g5 24. c3 Qe7 25. Ne3 f5 26. Qe2 Kh8 27. Qc2 Nxg3 28. fxg3 Rxe3 29. Rxe3 Qxe3+ 30. Kh2 Nf6 31. Bxf5 Ng4+ 32. Kh3 Nf6 33. Kh2 g4 34. Ne5 Ne4 35. Bxh7 Qxg3+ 36. Kg1 Qe3+ 37. Kh1 Kxh7 38. Kh2 Kg7 39. Nxg4 Qg3+ 40. Kg1 Qxg4 41. Qb3 Qd7 0-1

[Event "Belgrade Spring op"]
[Site "Belgrade"]
[Date "2008.03.29"]
[Round "5"]
[White "Jovanovic, Miroslav V"]
[Black "Mrsa, Ferdinand"]
[Result "0-1"]
[WhiteElo "2064"]
[BlackElo "2220"]
[PlyCount "139"]
[EventDate "2008.03.25"]
[EventType "swiss"]
[EventRounds "9"]
[EventCountry "YUG"]
[SourceTitle "CBM 123 Extra"]
[Source "ChessBase"]
[SourceDate "2008.05.06"]
[SourceVersion "1"]
[SourceVersionDate "2008.05.06"]
[SourceQuality "1"]

1. d4 Nf6 2. c4 e6 3. Nf3 Bb4+ 4. Bd2 Qe7 5. a3 Bxd2+ 6. Qxd2 d6 7. Nc3 0-0 8. g3 e5 9. dxe5 dxe5 10. e4 Bg4 11. Bg2 Bxf3 12. Bxf3 Nc6 13. 0-0 Nd4 14. Bd1 Rad8 15. Qe3 Qe6 16. b3 a6 17. Rc1 c6 18. Na4 b5 19. Nc5 Qe7 20. b4 a5 21. cxb5 axb4 22. axb4 cxb5 23. Be2 Ne8 24. Rfd1 Nd6 25. Bf1 f5 26. exf5 N6xf5 27. Qe4 Nd6 28. Qe3 Rf3 29. Qe1 Rxg3+ 30. hxg3 Nf3+ 31. Kg2 Nxe1+ 32. Rxe1 Rf8 33. Rc2 e4 34. Re3 Qf7 35. Rce2 Qd5 36. Kg1 Nf5 37. Rxe4 Nd4 38. R2e3 Nf3+ 39. Kg2 Ng5 40. Bxb5 Nxe4 41. Rxe4 Qd2 42. Bc4+ Kh8 43. Be2 g6 44. f3 Rb8 45. Nd3 Rd8 46. Nf4 Rb8 47. Nd3 Kg7 48. Kh3 Rb7 49. Kg4 h6 50. Kh3 Rb5 51. Re7+ Kf6 52. Re4 Rh5+ 53. Kg2 Rd5 54. Nf2 Rd4 55. b5 Kf7 56. Re5 Qb2 57. f4 Kg7 58. Re7+ Kf8 59. Re5 Rd2 60. Kf3 h5 61. Re3 Qb4 62. Re4 Qc3+ 63. Re3 Qb4 64. Re5 Rd4 65. Kg2 h4 66. gxh4 Qd2 67. Nh3 Rb4 68. Kf2 Rb1 69. Re3 Qc1 70. Kf3 0-1

[Event "Belgrade Spring op"]
[Site "Belgrade"]
[Date "2008.03.25"]
[Round "1"]
[White "Mrsa, Ferdinand"]
[Black "Zarkovic, Mila"]
[Result "1-0"]
[WhiteElo "2220"]
[BlackElo "1829"]
[PlyCount "63"]
[EventDate "2008.03.25"]
[EventType "swiss"]
[EventRounds "9"]
[EventCountry "YUG"]
[SourceTitle "CBM 123 Extra"]
[Source "ChessBase"]
[SourceDate "2008.05.06"]
[SourceVersion "1"]
[SourceVersionDate "2008.05.06"]
[SourceQuality "1"]

1. e4 c5 2. Nc3 e6 3. Nge2 d6 4. d4 cxd4 5. Nxd4 Nf6 6. Be2 Be7 7. 0-0 0-0 8. Kh1 Nc6 9. Be3 a6 10. f4 Qc7 11. Bf3 Re8 12. g4 Nd7 13. Bg2 Nxd4 14. Bxd4 Bf6 15. g5 Bxd4 16. Qxd4 Qb6 17. Qxb6 Nxb6 18. b3 Bd7 19. Ne2 Bb5 20. c4 Bc6 21. Nd4 Red8 22. f5 e5 23. Nxc6 bxc6 24. Rad1 a5 25. Rd3 a4 26. Rfd1 axb3 27. axb3 Kf8 28. c5 Nc8 29. f6 gxf6 30. gxf6 Ke8 31. Bh3 Ra7 32. Rg3 1-0